|
|
|
|
| LEADER |
00897nam a2200217 a 4500 |
| 001 |
GR-Patra14410 |
| 003 |
GR-PaULI |
| 008 |
020129c2000 gr tr pe | | 0 gre d |
| 022 |
|
|
|a 1106-9341
|
| 040 |
|
|
|a GrPaTEI
|b gre
|c GR-PaULI
|
| 245 |
1 |
0 |
|a Παιδαγωγικός λόγος :
|b Τετράμηνη έκδοση παιδαγωγικού προβληματισμού.
|
| 260 |
|
|
|a Αθήνα :
|b Εκδόσεις Κορφή,
|c 2000-
|
| 650 |
|
4 |
|a Παιδαγωγική
|
| 907 |
|
|
|a .b2603024x
|b 16-04-20
|c 16-09-16
|
| 942 |
|
|
|2 ddc
|c JNL
|s 1
|
| 952 |
|
|
|0 0
|1 0
|4 0
|7 0
|9 324862
|a LISK
|b LISK
|c SER
|d 2021-04-28
|e GrPaTEI
|l 0
|r 2021-04-28 00:00:00
|w 2021-04-28
|y JNL
|
| 952 |
|
|
|0 0
|1 0
|4 0
|7 0
|9 324863
|a LISK
|b LISK
|c SER
|d 2021-04-28
|e GrPaTEI
|l 0
|r 2021-04-28 00:00:00
|w 2021-04-28
|y JNL
|
| 970 |
|
|
|c patra14410
|
| 970 |
|
|
|d aaia (old UniMARC 110 field)
|
| 998 |
|
|
|a 24
|b 15-01-16
|c s
|d s
|e -
|f gre
|g gr
|h 0
|
| 999 |
|
|
|c 182493
|d 182493
|